000
00261nam a2200097Ia 4500
001
683564
005
20250826161441.0
008
250824s9999 xx 000 0 und d
245
0
_a
PİRİ REİS VE ACYİP HARİTASI
_c
METİN ÖZDAMARLAR
260
_b
TİMAŞ YAYINLARI
999
_c
683564
_d
683564